Cooperación agrícola y organización económica del ejido (Record no. 9823)

MARC details
000 -CABECERA
campo de control de longitud fija 00946nam a2200265 a 4500
001 - NÚMERO DE CONTROL
campo de control BRL_1011
005 - FECHA Y HORA DE LA ÚLTIMA TRANSACCIÓN
campo de control 20190320211008.0
008 - DATOS DE LONGITUD FIJA--INFORMACIÓN GENERAL
campo de control de longitud fija 311013s1973----mx-#######---#000-0#spa-#
041 ## - CÓDIGO DE LENGUA
Código de lengua del texto/banda sonora o título independiente spa
044 ## - CÓDIGO DEL PAÍS DE LA ENTIDAD EDITORA/PRODUCTORA
Código MARC del país mx
050 #4 - SIGNATURA TOPOGRÁFICA DE LA BIBLIOTECA DEL CONGRESO
Número de clasificación HD1491.M38
Número de documento/Ítem .F47 1973
100 1# - ENTRADA PRINCIPAL--NOMBRE DE PERSONA
Nombre de persona Fernández y Fernández, Ramón
9 (RLIN) 25568
245 10 - MENCIÓN DE TÍTULO
Título Cooperación agrícola y organización económica del ejido
Mención de responsabilidad, etc. Ramón Fernández y Fernández.
260 ## - PUBLICACIÓN, DISTRIBUCIÓN, ETC.
Lugar de publicación, distribución, etc. México
Nombre del editor, distribuidor, etc. Secretaría de Educación Pública
Fecha de publicación, distribución, etc. 1973
300 ## - DESCRIPCIÓN FÍSICA
Extensión 175 p.
Dimensiones 17 cm.
440 #0 - MENCIÓN DE SERIE/PUNTO DE ACCESO ADICIONAL--TÍTULO
Título Sepsetentas
Designación de volumen o secuencia 108
9 (RLIN) 22717
500 ## - NOTA GENERAL
Nota general Au1126
500 ## - NOTA GENERAL
Nota general En la portada: ´Esta obra obtuvo mención honorífica en el Premio Anual de Economía Banamex, 1972´
504 ## - NOTA DE BIBLIOGRAFÍA, ETC.
Nota de bibliografía, etc. Bibliografía: p. 170-174
650 14 - PUNTO DE ACCESO ADICIONAL DE MATERIA--TÉRMINO DE MATERIA
Término de materia o nombre geográfico como elemento de entrada Cooperativas agrícolas
Subdivisión geográfica México
9 (RLIN) 25569
650 14 - PUNTO DE ACCESO ADICIONAL DE MATERIA--TÉRMINO DE MATERIA
Término de materia o nombre geográfico como elemento de entrada Tenencia de la tierra
Subdivisión geográfica México
9 (RLIN) 25570
650 14 - PUNTO DE ACCESO ADICIONAL DE MATERIA--TÉRMINO DE MATERIA
Término de materia o nombre geográfico como elemento de entrada Servicios agrícolas
Subdivisión general aspectos económicos
Subdivisión geográfica México
9 (RLIN) 25571
902 ## - CATALOGADOR
Iniciales GRL
942 ## - ELEMENTOS DE PUNTO DE ACCESO ADICIONAL (KOHA)
Fuente del sistema de clasificación o colocación Library of Congress Classification
Tipo de ítem Koha Libros
Holdings
Estado de retiro Estado de pérdida Estado dañado No para préstamo Localización permanente Ubicación/localización actual Fecha de adquisición Número de inventario Total de préstamos Signatura topográfica completa Código de barras Fecha visto por última vez Precio válido a partir de Tipo de ítem Koha
El ejemplar forma parte de la colección y puede ser consultado según las políticas vigentes.       Biblioteca Centro de Estudios Ruth D. Lechuga Biblioteca Centro de Estudios Ruth D. Lechuga 31/10/2013 Au1126   HD1491.M38 .F47 1973 (Au1126) GRL01090 22/03/2019 22/03/2019 Libros